logo

Bir Sreshtho Munshi Abdur Rouf Library
Jhenaidah Cadet College

পরীর দেশে, ফুলের বেশে / (Record no. 3930)

MARC details
000 -LEADER
fixed length control field 00651nam a22002177a 4500
001 - CONTROL NUMBER
JCCL Control Number 3930
003 - CONTROL NUMBER IDENTIFIER
JCCL marc code BD-JhCC
005 - DATE AND TIME OF LATEST TRANSACTION
control field 20171119193242.0
008 - FIXED-LENGTH DATA ELEMENTS--GENERAL INFORMATION
fixed length control field 171119b bg ac||| |||| 000 0 ben d
035 ## - SYSTEM CONTROL NUMBER
system control number (BD-JhCC)3930
040 ## - CATALOGING SOURCE
Original cataloging agency BD-JhCC
Modifying agency BD-JhCC
041 ## - LANGUAGE CODE
Language code of Book ben
082 ## - DEWEY DECIMAL CLASSIFICATION NUMBER
Classification number 891.443
Author mark and Year KHA
100 ## - MAIN ENTRY--PERSONAL NAME
Personal name খান, হাশেম
245 ## - TITLE STATEMENT
Title পরীর দেশে, ফুলের বেশে /
Statement of responsibility, etc হাশেম খান
260 ## - PUBLICATION, DISTRIBUTION, ETC. (IMPRINT)
Place of publication, distribution, etc ঢাকা :
Name of publisher, distributor, etc পাক সাহিত্য ভবন,
Date of publication, distribution, etc .
300 ## - PHYSICAL DESCRIPTION
Pagination ১১৯ পৃ. :
Other physical details ill. ;
Dimensions ২১ সেমি.
650 ## - SUBJECT ADDED ENTRY--TOPICAL TERM
Topical term or geographic name as entry element Children Novel
942 ## - ADDED ENTRY ELEMENTS (KOHA)
Source of classification or shelving scheme Dewey Decimal Classification
Koha item type Books
Holdings
Source of classification or shelving scheme Damaged status Not for loan Home library Current library Shelving location Date of accession Total Checkouts Full call number Barcode Date last seen Copy number Koha item type
Dewey Decimal Classification     JCC Rouf Library JCC Rouf Library General Stacks 11/19/2017   891.443 KHA 3928 11/19/2017 C-1 Books

JCC Library | Contacts | JCC Home

Last Update on 23 September 2017
Copyright @ 2017-2020 JCC Rouf Library
Rouf Library, Jhenidah Cadet College (JCC), Bangladesh